书目信息 |
| 题名: |
中文版Flash 8动画制作大师课堂全记录
|
|
| 作者: | 张晓景 , 李晓斌 编著 | |
| 分册: | ||
| 出版信息: | 北京 中国宇航出版社 2006.04 |
|
| 页数: | 240页, [4] 页图版 | |
| 开本: | 26cm | |
| 丛书名: | 大师课堂全记录系列丛书 | |
| 单 册: | ||
| 中图分类: | TP393.092 | |
| 科图分类: | ||
| 主题词: | 网页制作--wang ye zhi zuo--图形软件--Flash 8 , 图形软件--tu xing ruan jian--Flash 8--网页制作 | |
| 电子资源: | ||
| ISBN: | 7-80218-080-5 | |
| 000 | 01236nam 2200301 450 | |
| 001 | 012006174946 | |
| 005 | 20061130091713.53 | |
| 010 | @a7-80218-080-5@dCNY25.80 (含光盘) | |
| 100 | @a20061029d2006 km y0chiy0120 ea | |
| 101 | 0 | @achi |
| 102 | @aCN@b110000 | |
| 105 | @aaf z 000yy | |
| 200 | 1 | @a中文版Flash 8动画制作大师课堂全记录@Azhong wen ban Flash 8 dong hua zhi zuo da shi ke tang quan ji lu@f张晓景, 李晓斌等编著@Fzhang xiao jing,li xiao bin deng bian zhu |
| 210 | @a北京@c中国宇航出版社@d2006.04 | |
| 215 | @a240页, [4] 页图版@c图@d26cm@e光盘2片 | |
| 225 | 2 | @a大师课堂全记录系列丛书@Ada shi ke tang quan ji lu xi lie cong shu |
| 307 | @a光盘 ISBN : 7-89993-296-3 | |
| 330 | @a本书通过百余个实用而简易的实例,以书和多媒体教学光盘相结合的形式,由浅入深、循序渐进地介绍了中文版Flash 8的基本功能、新增功能以及特色工具的使用。 | |
| 333 | @a高等院校学生。 | |
| 410 | 0 | @12001 @a大师课堂全记录系列丛书 |
| 606 | 0 | @a网页制作@Awang ye zhi zuo@x图形软件@xFlash 8 |
| 606 | 0 | @a图形软件@Atu xing ruan jian@xFlash 8@x网页制作 |
| 610 | 0 | @aFlash |
| 690 | @aTP393.092@v4 | |
| 701 | 0 | @a张晓景@Azhang xiao jing@4编著 |
| 701 | 0 | @a李晓斌@Ali xiao bin@4编著 |
| 801 | 0 | @aCN@c20061130 |
| 905 | @a10447@dTP393.092@eZ212 | |
| 中文版Flash 8动画制作大师课堂全记录/张晓景, 李晓斌等编著.-北京:中国宇航出版社,2006.04 |
| 240页, [4] 页图版:图;26cm+光盘2片.-(大师课堂全记录系列丛书) |
| 使用对象:高等院校学生。 |
| ISBN 7-80218-080-5:CNY25.80 (含光盘) |
| 本书通过百余个实用而简易的实例,以书和多媒体教学光盘相结合的形式,由浅入深、循序渐进地介绍了中文版Flash 8的基本功能、新增功能以及特色工具的使用。 |
| ● |
| 相关链接 |
|
|
|
正题名:中文版Flash 8动画制作大师课堂全记录
索取号:TP393.092/Z212
 
预约/预借
| 序号 | 登录号 | 条形码 | 馆藏地/架位号 | 状态 | 备注 |
| 1 | 224631 | 202246319 | 自科库301/301自科库 130排1列5层/ [索取号:TP393.092/Z212] | 在馆 | |
| 2 | 224632 | 202246328 | 自科库301/301自科库 130排1列5层/ [索取号:TP393.092/Z212] | 在馆 | |
| 3 | 224633 | 202246337 | 自科库301/301自科库 130排1列5层/ [索取号:TP393.092/Z212] | 在馆 |